An introduction to sociology (Record no. 232438)

000 -LEADER
fixed length control field nam a22 7a 4500
003 - CONTROL NUMBER IDENTIFIER
control field Nust
005 - DATE AND TIME OF LATEST TRANSACTION
control field 20170216153134.0
008 - FIXED-LENGTH DATA ELEMENTS--GENERAL INFORMATION
fixed length control field 170216b xxu||||| |||| 00| 0 eng d
040 ## - CATALOGING SOURCE
Transcribing agency 0
082 ## - DEWEY DECIMAL CLASSIFICATION NUMBER
Classification number 301
100 ## - MAIN ENTRY--PERSONAL NAME
Relator code Abdul Hameed Taga
245 ## - TITLE STATEMENT
Title An introduction to sociology
Statement of responsibility, etc. Abdul Hameed Taga
260 ## - PUBLICATION, DISTRIBUTION, ETC.
Place of publication, distribution, etc. Lahore
Name of publisher, distributor, etc. Abdul Hameed taga and sons
Date of publication, distribution, etc. 2012
300 ## - PHYSICAL DESCRIPTION
Extent 432p
942 ## - ADDED ENTRY ELEMENTS (KOHA)
Source of classification or shelving scheme
Koha item type Book
Holdings
Withdrawn status Lost status Source of classification or shelving scheme Damaged status Not for loan Collection code Permanent Location Current Location Shelving location Date acquired Total Checkouts Total Renewals Full call number Barcode Checked out Date last seen Date last checked out Price effective from Koha item type
            Central Library (CL) Central Library (CL) General Stacks 02/16/2017 9 10 301 TAG S3H-D-188 05/18/2026 04/18/2026 04/18/2026 02/16/2017 Book
© 2023 Central Library, National University of Sciences and Technology. All Rights Reserved.